Eastern Utah Libraries Catalog: Duchesne, Heber, Roosevelt, & Vernal

Runny Babbit : (Record no. 23892)

MARC details
000 -LEADER
fixed length control field 02004cam a2200469 a 4500
003 - CONTROL NUMBER IDENTIFIER
control field OCoLC
005 - DATE AND TIME OF LATEST TRANSACTION
control field 20241220112419.0
008 - FIXED-LENGTH DATA ELEMENTS--GENERAL INFORMATION
fixed length control field 040318s2005 nyua j 001 0 eng
001 - CONTROL NUMBER
control field ocm54844241
010 ## - LIBRARY OF CONGRESS CONTROL NUMBER
LC control number 2004047288
020 ## - INTERNATIONAL STANDARD BOOK NUMBER
International Standard Book Number 0060256532
020 ## - INTERNATIONAL STANDARD BOOK NUMBER
International Standard Book Number 0060284048 (lib. bdg.)
024 30 - OTHER STANDARD IDENTIFIER
Standard number or code 9780060284046
035 ## - SYSTEM CONTROL NUMBER
System control number (Sirsi) i9780060256531
040 ## - CATALOGING SOURCE
Original cataloging agency DLC
Transcribing agency DLC
Modifying agency IG#
-- JSZ
-- XY4
-- BXM
-- VP@
-- BAKER
-- UINTA
042 ## - AUTHENTICATION CODE
Authentication code lcac
049 ## - LOCAL HOLDINGS (OCLC)
Holding library UCLB
050 00 - LIBRARY OF CONGRESS CALL NUMBER
Classification number PS3569.I47224
Item number R86 2005
082 00 - DEWEY DECIMAL CLASSIFICATION NUMBER
Classification number 811/.54
Edition number 22
082 ## - DEWEY DECIMAL CLASSIFICATION NUMBER
Classification number SIL
092 ## - LOCALLY ASSIGNED DEWEY CALL NUMBER (OCLC)
Classification number SIL
100 1# - MAIN ENTRY--PERSONAL NAME
Personal name Silverstein, Shel.
9 (RLIN) 7321
245 10 - TITLE STATEMENT
Title Runny Babbit :
Remainder of title a billy sook /
Statement of responsibility, etc by Shel Silverstein.
250 ## - EDITION STATEMENT
Edition statement 1st ed.
260 ## - PUBLICATION, DISTRIBUTION, ETC. (IMPRINT)
Place of publication, distribution, etc New York :
Name of publisher, distributor, etc HarperCollins,
Date of publication, distribution, etc c2005.
300 ## - PHYSICAL DESCRIPTION
Extent 89 p. :
Other physical details ill. ;
Dimensions 22 cm.
500 ## - GENERAL NOTE
General note Includes index.
520 ## - SUMMARY, ETC.
Summary, etc Runny Babbit lent to wunch And heard the saitress way, "We have some lovely stabbit rew -- Our Special for today." From the legendary creator of Where the Sidewalk Ends , A Light in the Attic , Falling Up , and The Giving Tree comes an unforgettable new character in children's literature. Welcome to the world of Runny Babbit and his friends Toe Jurtle, Skertie Gunk, Rirty Dat, Dungry Hog, Snerry Jake, and many others who speak a topsy-turvy language all their own. So if you say, "Let's bead a rook That's billy as can se," You're talkin' Runny Babbit talk, Just like mim and he.
650 #0 - SUBJECT ADDED ENTRY--TOPICAL TERM
Topical term or geographic name as entry element Rabbits
Form subdivision Juvenile poetry.
9 (RLIN) 5754762
650 #0 - SUBJECT ADDED ENTRY--TOPICAL TERM
Topical term or geographic name as entry element Children's poetry, American.
9 (RLIN) 6123191
650 #0 - SUBJECT ADDED ENTRY--TOPICAL TERM
Topical term or geographic name as entry element Spoonerisms
Form subdivision Juvenile literature.
9 (RLIN) 5754763
650 #0 - SUBJECT ADDED ENTRY--TOPICAL TERM
Topical term or geographic name as entry element Rabbits
Form subdivision Poetry.
9 (RLIN) 6502884
650 #1 - SUBJECT ADDED ENTRY--TOPICAL TERM
Topical term or geographic name as entry element Poetry, American.
9 (RLIN) 5842893
650 #0 - SUBJECT ADDED ENTRY--TOPICAL TERM
Topical term or geographic name as entry element Spoonerisms.
9 (RLIN) 92037
938 ## -
-- Ingram
-- INGR
-- 0060256532
938 ## -
-- Baker & Taylor
-- BKTY
-- 18.89
-- 18.89
-- 0060284048
-- 0004462614
-- active
938 ## -
-- Baker & Taylor
-- BKTY
-- 17.99
-- 13.49
-- 0060256532
-- 0004462613
-- active
942 ## - ADDED ENTRY ELEMENTS (KOHA)
Koha item type BOOK
994 ## -
-- C0
-- UINTA
979 ## -
-- 382452
998 ## - LOCAL CONTROL INFORMATION (RLIN)
-- a49377
Holdings
Withdrawn status Lost status Source of classification or shelving scheme Damaged status Not for loan Collection code Home library Current library Shelving location Date acquired Cost, normal purchase price Total Checkouts Total Renewals Full call number Barcode Date last seen Date checked out Cost, replacement price Price effective from Koha item type
    Dewey Decimal Classification     Junior NonFiction Wasatch County Library Wasatch County Library Second Floor 05/18/2005 17.95 148 11 J 811 Sil 34301000458614 01/11/2026 12/22/2025 17.95 03/20/2020 BOOK
This project was made possible through a grant from the Institute of Museum and Library Service administered by the Utah State Library Division.

Wasatch County Library

  • 465 East 1200 South, Heber City, Utah 84032
  • Phone 435-654-1511 | Fax 435-654-6456

Hours

  • Monday - Friday 9:30 AM - 8:00 PM
  • Saturday 9:30 AM - 1:30 PM
  • Closed Sundays and Holidays